Speciaľnyje funkcii i ich priloženija

Salvato in:
Dettagli Bibliografici
Autore principale: Lebedev, Nikolaj Nikolajevič (Autore)
Natura: Libro
Lingua:russo
Pubblicazione: Moskva : Gosudarstvennoje izd. fiziko - matemat. lit., 1963
Edizione:2. izd.
Soggetti:
Tags: Aggiungi Tag
Nessun Tag, puoi essere il primo ad aggiungerne!!

MARC

LEADER 00000nam a22000003a 4500
001 stu88042
005 20150617225630.8
008 040616s1963----xxr-----------------rus-d
040 |a STU  |b slo 
041 0 |a rus 
044 |a xxr 
080 |a 517.5 
100 1 |a Lebedev, Nikolaj Nikolajevič  |4 aut 
245 1 |a Speciaľnyje funkcii i ich priloženija 
250 |a 2. izd. 
260 |a Moskva :  |b Gosudarstvennoje izd. fiziko - matemat. lit.,  |c 1963 
300 |a 358 s 
650 7 |a matematická analýza  |2 stusub 
996 |b 284J021803  |c J*27792  |l JJK16  |s P  |a 0  |w stu88042_0001